Ideme na veľtrh výber, ciele a koncepcia účasti na veľtrhu

Základné strategické otázky súvisiace s účasťou na veľtrhu. Základné typy podujatí. Ciele a koncepcia účasti na veľtrhu.

Gespeichert in:
Bibliographische Detailangaben
1. Verfasser: Baluška, Marek
Format: Buchkapitel
Sprache:Slowakisch
Schlagworte:
Tags: Tag hinzufügen
Keine Tags, Fügen Sie das erste Tag hinzu!

MARC

LEADER 00000naa a2200000 4500
001 r048275
005 20231004100856.6
041 0 |a slo 
044 |a CZ 
245 1 0 |a Ideme na veľtrh  |b výber, ciele a koncepcia účasti na veľtrhu  |c Marek Baluška 
520 |a Základné strategické otázky súvisiace s účasťou na veľtrhu. Základné typy podujatí. Ciele a koncepcia účasti na veľtrhu. 
610 2 0 |a veľtrhy 
610 2 0 |a koncepcie 
610 2 0 |a marketing 
610 2 0 |a plánovanie 
610 2 0 |a výstavy 
610 2 0 |a organizácia predaja 
610 2 0 |a zákazníci 
100 1 |a Baluška, Marek